Jane Eyre (Запись № 12656298)

Подробности
000 -МАРКЕР
контрольное поле 02195nam0a2200349 4500
001 - ИДЕНТИФИКАТОР ЗАПИСИ
контрольное поле RU\NLR\BIBL_A\022070022
005 - ИДЕНТИФИКАТОР ВЕРСИИ
контрольное поле 20260405122053.0
010 ## - МЕЖДУНАРОДНЫЙ СТАНДАРТНЫЙ НОМЕР КНИГИ (ISBN)
Номер (ISBN) 978-5-17-156042-3
Тираж 2000
021 ## - НОМЕР ГОСУДАРСТВЕННОЙ РЕГИСТРАЦИИ
Код страны российская федерация
Номер 2023-53313
Номер Листа государственной регистраци КН-П-5356
035 ## - ДРУГИЕ СИСТЕМНЫЕ НОМЕРА
Идентификатор записи (RuMoRGB)012039926
035 ## - ДРУГИЕ СИСТЕМНЫЕ НОМЕРА
Идентификатор записи (NLR Aleph) 022070022
100 ## - ДАННЫЕ ОБЩЕЙ ОБРАБОТКИ
Данные общей обработки 20231110d2023 |||y0rusy50 ca
101 0# - ЯЗЫК РЕСУРСА
Язык текста, звукозаписи и т.д. английский
102 ## - СТРАНА ПУБЛИКАЦИИ ИЛИ ПРОИЗВОДСТВА
Страна публикации российская федерация
105 ## - ПОЛЕ КОДИРОВАННЫХ ДАННЫХ: ТЕКСТОВЫЕ МАТЕРИАЛЫ, МОНОГРАФИЧЕСКИЕ
Кодированные данные о монографическом текстовом документе y z 000ay
181 #0 - ПОЛЕ КОДИРОВАННЫХ ДАННЫХ: ВИД СОДЕРЖАНИЯ
Код вида содержания (ISBD) i
Код характеристики содержания (ISBD) axxe
182 #0 - ПОЛЕ КОДИРОВАННЫХ ДАННЫХ: ТИП СРЕДСТВА
Код типа средства (ISBD) n - непосредственное
200 1# - ЗАГЛАВИЕ И СВЕДЕНИЯ ОБ ОТВЕТСТВЕННОСТИ
Основное заглавие Jane Eyre
Сведения, относящиеся к заглавию [a novel]
Первые сведения об ответственности Charlotte Brontë
203 ## - ВИД СОДЕРЖАНИЯ И ТИП СРЕДСТВА
Вид содержания Текст
Дополнительные сведения об издании визуальный
Тип средства непосредственный
210 ## - ПУБЛИКАЦИЯ, РАСПРОСТРАНЕНИЕ И ДР.
Место издания, распространения и т.д. Москва
Имя издателя, распространителя и т. д. Lingua
-- АСТ
Дата издания, распространения и т.д. 2023
215 ## - ФИЗИЧЕСКАЯ ХАРАКТЕРИСТИКА
Специфическое обозначение материала и объем 443, [2] с.
Размеры 22
225 1# - СЕРИЯ
Основное заглавие серии Great books
330 ## - РЕЗЮМЕ ИЛИ РЕФЕРАТ
Текст примечания Вашему английскому приходится тяжело? Не настолько как несчастной сироте Джейн Эйр! "Джейн Эйр" - самый известный роман Шарлотты Бронте, по которому было снято множество экранизаций. В этом романе трагические события жизни самой Шарлотты сошлись вместе с её свободолюбивым и упрямым писательским гением. Вместе они создали уникальный для XIX в. голос - голос умной и независимой женщины, способной самой искать и добиваться своего счастья. А волшебное воображение Ш. Бронте наделило "Джейн Эйр"незабываемым готческим антуражем. Текст представлен без сокращений и адаптации. Наслаждайтесь дерзкой новизной романа Шарлотты Бронте в оригинале!
333 ## - ПРИМЕЧАНИЯ ОБ ОСОБЕННОСТЯХ РАСПРОСТРАНЕНИЯ И ИСПОЛЬЗОВАНИЯ
Текст примечания 16+
675 ## - УНИВЕРСАЛЬНАЯ ДЕСЯТИЧНАЯ КЛАССИФИКАЦИЯ (UDC/УДК)
Индекс 821.111-31
Издание 4
686 1# - ИНДЕКСЫ ДРУГИХ КЛАССИФИКАЦИЙ
Индекс Ш6(4Вл)52-440.4{Лх1296.1-45}
700 #1 - ИМЯ ЛИЦА - ПЕРВИЧНАЯ ОТВЕТСТВЕННОСТЬ
Материалы, к которым относится поле eng
Графика поля Латинская
Начальный элемент ввода Brontё
Часть имени, кроме начального элемента ввода C.
Даты 1816-1855
Расширение инициалов личного имени Charlotte
Идентификатор авторитетной/нормативной записи RU\NLR\AUTH\7747988
Системный номер авторитетной/нормативной записи 30923
942 ## - ДОПОЛНИТЕЛЬНЫЕ ЭЛЕМЕНТЫ ЗАПИСИ (АБИС)
Тип экземпляра АБИС Книга
980 ## - КОЛЛЕКЦИЯ
Название коллекции Национальная библиография
Экземпляры
Тип экземпляра Дата поступления Источник поступления Библиотека постоянного хранения Библиотека текущего хранения Место хранения Шифр хранения Штрих-код Статус не для выдачи
Книга 10.11.2023 Обязательный экземпляр РНБ (Московский) РНБ (Московский) Иностранный книжный фонд Ик 2023-5/229 1-4402163